| 000 | 00630nam a22002177a 4500 | ||
|---|---|---|---|
| 005 | 20170124105929.0 | ||
| 010 | _aA-025811 | ||
| 020 |
_a0246114088 _c00.00 |
||
| 035 | _aA-025811 | ||
| 037 | _bCen Lib/Ret | ||
| 040 |
_aDPL _bEN |
||
| 082 |
_a330.951 _bHOW |
||
| 100 |
_aHowe, Christopher _97918 |
||
| 245 |
_aChina's economy : _cby Christopher Howe _ba basic guide / |
||
| 260 |
_aLondon _bGranada Publishing _c1980 |
||
| 270 |
_a3Upper James Street _bLondon |
||
| 300 |
_aviii, 251p. _c21cm(Hb) |
||
| 650 |
_aEconomic policy _93998 |
||
| 650 |
_aEconomic history _96496 |
||
| 942 |
_2ddc _cEN _h330.951 _mHOW |
||
| 999 |
_c123749 _d123749 |
||